000 00522nam a2200217Ia 4500
003 OSt
005 20220924134006.0
006 a|||||r|||| 00| 0
007 ta
008 220923b |||||||| |||| 00| 0 snd d
024 _a271526
037 _cTextual
040 _aARTS
_cARTS
_bsnd
041 _2snd
_asnd
082 _aO111,3NFL,TH, 1593K8
100 _aAhuja
245 0 _aThandarwal
260 _c1968
942 _hO111,3NFL,TH, 1593K8
_cTEXL
_2CC
999 _c435979
_d435979